000 00285nam a2200121Ia 4500
008 191201s2013 xx 000 0 und d
100 _aKANETKAR, Yashwant
245 0 _aUnderstanding Pointers in C
260 _aN. Delhi
_bPHI
_c2013
300 _a539
650 _aMCA
942 _2ddc
_cBK
999 _c6049
_d6049